Meilleurs buteurs de la Coupe du monde - Statistiques

Statistiques générales
  • Ce quiz a été pris 137 fois
  • Le résultat moyen est 9 sur 31
Statistiques - réponses
Édition Équipe Meilleur buteur % Correct
2022 France Kylian Mbappé
98%
2002 Brézil Ronaldo
76%
2006 Allemagne Miroslav Klose
74%
2010 Uruguay Diego Forlán
65%
2014 Colombie James Rodríguez
64%
2018 Angleterre Harry Kane
55%
1998 Croatie Davor Šuker
49%
1958 France Just Fontaine
48%
2010 Espagne David Villa
46%
1966 Portugal Eusébio
40%
2010 Allemagne Thomas Müller
36%
2010 Pays-Bas Wesley Sneijder
35%
1994 Bulgarie Hristo Stoičkov
33%
1962 Brésil Garrincha
29%
1970 Allemagne de l'Ouest Gerd Müller
24%
1978 Argentine Mario Kempes
18%
1986 Angleterre Gary Lineker
17%
1982 Italie Paolo Rossi
14%
1954 Hongrie Sándor Kocsis
8%
1962 Brèsil Vavà
8%
1962 Hongrie Flórián Albert
6%
1990 Italie Salvatore Schillaci
6%
1974 Pologne Grzegorz Lato
5%
1994 Russie Oleg Salenko
5%
1930 Uruguay Guillermo Stabile
3%
1962 Chili Leonel Sánchez
3%
1938 Brèsil Leônidas
3%
1950 Brèsil Ademir
2%
1934 Tchécoslovaquie Oldřich Nejedlý
1%
1962 Yougoslavie Dražan Jerković
0%
1962 Union soviétique Valentin Koz'mič Ivanov
0%
Aucun quiz correspondant
Distribution des résultats
% des personnes avec chaque résultat
Percentile par nombre de réponses
Votre historique - résultats
Vous n’avez pas pris ce quiz